| 000 | 00319 a2200109 4500 | ||
|---|---|---|---|
| 001 | 58149 | ||
| 082 | _a621.38422 GIA | ||
| 090 |
_c35658 _d35658 |
||
| 100 |
_aGiannini, Vito ; jan Craninckx _aAndrea Baschirotto |
||
| 245 | _aBasaband Analog Circuits for Software Defined Radio | ||
| 260 |
_aNew York _bSpringer _c2008 |
||
| 942 |
_aNUST-CAE _k621.38422 GIA |
||
| 999 |
_c293222 _d293222 |
||